000 00516nam a2200193 u 4500
005 20210223131019.0
008 090609s2007 es r 000 0 spa d
020 _a9788449320026
035 _aUPN01000171087
049 _aCG
050 4 _aBF895
_bP7.2
100 1 _aPriante, Matilde
245 1 0 _aAprender grafología /
_cMatilde Priante.
260 _aBarcelona, Esp. :
_bPaidós,
_cc2007.
300 _a110 p. :
_btablas
440 0 _aPaidós aprender ;
_v26
650 4 _aGRAFOLOGIA
_98932
905 _aLibro
999 _c143192
_d143192